LDR 00803naa#a2200169#i#450# 001 EN\\bibl\116618 005 20260429222709.3 011 ## _a1994-4683 100 ## _a20260429b2026####ek#y0engy0150####ca 102 ## _aRU 200 1# _aComparative analysis of physical fitness development indicators in relation to future professional demands among first-year students at Primorsky SATUyear of Primorsky GATU _eJournal article 210 1# _aMoscow _cNational State University of Physical Education, Sports and Health named after P.F. Lesgaft _d2026 215 ## _a6 с. 608 ## _aJournal article _2local 675 ## _aРоль физкультуры и спорта в воспитании и общем развитии личности. 796.011.1 _z 700 #1 _aBanku _gTat'yana Anatol'evna 856 4# _auchzapiski.lesgaft.spb.ru _u